000 00380nam a2200097Ia 4500
005 20251222141758.0
008 251222s9999||||xx |||||||||||||| ||spa||
082 _a362.829.2/I51
245 0 _a"Violencia conyugal física en el Perú: Distribución regional, caracterización de víctimás y agresiones, factores asociados y consecuencias de un problema de salud pública"
942 _cLIB
999 _c6053
_d6053